000 00529nam a2200193Ia 4500
005 20250923144643.0
008 008 250917s9999 xx 000 0 eng d
037 _aTextual
040 _aDSWL
_beng
_cDSWL
041 _aeng
_2eng
084 _aX8(MY65):9pI,N58, N58
_qDSWL
245 0 _aConditions of work of fisherman
_cby I.L.O.
260 _aGeneva
_bI.L.O.
_c1958
300 _a36p.
365 _aINR
_b1.60
925 _g1.60
942 _cTEXL
_hX8(MY65):9pI,N58, N58
999 _c1441653
_d1441653